The garden city utopia : a critical biography of Ebenezer Howard /

Bibliographic Details
Main Author: Beevers, Robert, 1919-
Format: Book
Language:English
Published: New York : St. Martin's Press, [1988]
Subjects:

MARC

Tag First Indicator Second Indicator Subfields
LEADER 00000cam a2200000 a 4500
001 in00000017913
005 20151007053109.0
008 870615s1988 nyua b 00110beng
010 |a  87016097  
020 |a 0312012969 :  |c $30.00 (est.) 
035 |a (OCoLC)16224342 
035 |9 AAB0391AM 
040 |a DLC  |c DLC  |d UtOrBLW 
043 |a e-uk--- 
049 |a TXAM  |c [A11467505] 
050 0 0 |a HT164.G7  |b H682 1988 
082 0 |a 711/.4/092/4  |a B  |2 19 
100 1 |a Beevers, Robert,  |d 1919- 
245 1 4 |a The garden city utopia :  |b a critical biography of Ebenezer Howard /  |c Robert Beevers. 
264 1 |a New York :  |b St. Martin's Press,  |c [1988] 
264 4 |c ©1988 
300 |a xi, 206 pages :  |b illustrations ;  |c 23 cm. 
336 |a text  |b txt  |2 rdacontent 
337 |a unmediated  |b n  |2 rdamedia 
338 |a volume  |b nc  |2 rdacarrier 
504 |a Bibliography: pages 185-199. 
500 |a Includes index. 
600 1 0 |a Howard, Ebenezer,  |d 1850-1928. 
650 0 |a City planners  |z Great Britain  |x Biography. 
650 0 |a Garden cities  |z Great Britain  |x History. 
999 |a MARS 
999 f f |s b116f699-6dde-319d-8d80-0cd8c1c680d5  |i 1996a4a2-b159-36b9-a535-392ed675834e  |t 0 
952 f f |p ric  |a Texas A&M University  |b Rellis Campus  |c Joint Library Facility  |d Remote Storage  |t 0  |e HT164.G7 H682 1988  |h Library of Congress classification  |i unmediated -- volume  |m A14811467505 
998 f f |a HT164.G7 H682 1988  |t 0  |l Remote Storage